| 000 | 00848nam a2200181 a 4500 | ||
|---|---|---|---|
| 001 | 000039516 | ||
| 005 | 20201002031703.0 | ||
| 008 | 130704s2000 dr 000 0 spa d | ||
| 040 |
_aDO-SdBNP _bspa _cBNPHU |
||
| 100 | 1 |
_aRojas, Onofre _931119 |
|
| 245 | 1 | 0 |
_aConvención interamericana contra la corrupción / _cOnofre Rojas. |
| 260 |
_aSanto Domingo : _bComisión Presidencial para la Reforma y Modernización del Estado., _c2000. |
||
| 300 |
_a34 p. ; _c21 cm. |
||
| 490 | 1 |
_aConversatorios de la reforma _v6 |
|
| 500 | _aConversatorio realizado en junio de 1994 en la ciudad de Cartagena de Indias, Colombia, el Dr. Onofre Rojas, en la IV Cumbre Iberoamericana de Jefes de Estado | ||
| 710 | 2 |
_aRepública Dominicana. _bComisión Presidencial para la Reforma y Modernización del Estado. _97089 |
|
| 830 | 0 |
_aConversatorios de la reforma _v6 _916542 |
|
| 999 |
_c39006 _d39006 |
||